Khảo về đồ sứ cổ Trung Hoa Từ đồ dất nung qua đồ gốm đến đồ sành
Enregistré dans:
| Auteur principal: | |
|---|---|
| Format: | Livre |
| Langue: | Undetermined |
| Publié: |
Sài Gòn
1971
|
| Sujets: | |
| Tags: |
Ajouter un tag
Pas de tags, Soyez le premier à ajouter un tag!
|
| Thư viện lưu trữ: | Trung tâm Học liệu Trường Đại học Cần Thơ |
|---|
| LEADER | 00574nam a2200181Ia 4500 | ||
|---|---|---|---|
| 001 | CTU_46240 | ||
| 008 | 210402s9999 xx 000 0 und d | ||
| 082 | |a 620.14 | ||
| 082 | |b S254 | ||
| 100 | |a Vương Hồng Sển | ||
| 245 | 0 | |a Khảo về đồ sứ cổ Trung Hoa | |
| 245 | 0 | |b Từ đồ dất nung qua đồ gốm đến đồ sành | |
| 245 | 0 | |c Vương Hồng Sển | |
| 260 | |a Sài Gòn | ||
| 260 | |c 1971 | ||
| 650 | |a autobiography | ||
| 904 | |h [..Khai Trí] | ||
| 980 | |a Trung tâm Học liệu Trường Đại học Cần Thơ | ||